[Event "Kieler Open 2015 Gruppe B"]
[Site "Kiel"]
[Date "2015.07.30"]
[Round "8.20"]
[White "Brockmann, Werner"]
[Black "Hogreve, Holger"]
[Result "0-1"]
[WhiteElo "1360"]
[BlackElo "1514"]
[PlyCount "112"]
[EventDate "2015.??.??"]
[WhiteTeam "Kieler SG"]
[BlackTeam "Eckernförder SC"]

1. e4 d5 2. exd5 Qxd5 3. Nc3 Qa5 4. Nf3 Bg4 5. Be2 c6 6. d4 Nf6 7. h3 Bxf3 8.
Bxf3 e6 9. Bd2 Qc7 10. Qe2 Nbd7 11. Ne4 Nxe4 12. Bxe4 Nf6 13. Bd3 Qb6 14. Bc3
Bb4 15. Bxb4 Qxb4+ 16. c3 Qe7 17. g4 h6 18. O-O-O Qc7 19. Kb1 O-O-O 20. Rhf1
Nd5 21. Be4 Rhe8 22. Bxd5 exd5 23. Qd2 Re6 24. Rfe1 Rde8 25. Rxe6 Rxe6 26. Kc2
Qe7 27. Kb3 Re2 28. Qf4 Qe6 29. h4 Qe4 30. Qxe4 dxe4 31. Rf1 f6 32. c4 Rd2 33.
Kc3 Rd3+ 34. Kc2 Rxd4 35. b3 Rd3 36. f3 Rxf3 37. Rxf3 exf3 38. Kd2 Kd7 39. Ke3
f2 40. Kxf2 Ke6 41. Kf3 g6 42. Ke4 f5+ 43. gxf5+ gxf5+ 44. Kd4 c5+ 45. Kd3 Ke5
46. Ke3 f4+ 47. Kf3 h5 48. a3 b6 49. b4 a5 50. bxa5 bxa5 51. a4 Kf5 52. Ke2 Kg4
53. Kd3 Kf3 54. Kd2 Kf2 55. Kd3 f3 56. Kd2 Kg2 0-1

[Event "Kieler Open 2015 Gruppe B"]
[Site "Kiel"]
[Date "2015.07.30"]
[Round "8.21"]
[White "Behrendt, Matthias"]
[Black "Korte, Andreas"]
[Result "1-0"]
[WhiteElo "1501"]
[BlackElo "1354"]
[PlyCount "145"]
[EventDate "2015.??.??"]
[WhiteTeam "Agon NMS"]
[BlackTeam "Raisdorfer SG"]

1. d4 d5 2. c4 dxc4 3. Nf3 Bg4 4. Ne5 Bh5 5. g3 Qd5 6. Rg1 f6 7. Bg2 Qb5 8. Nc3
Qa6 9. Nd5 Qd6 10. Nxc4 Qd7 11. Bf4 Na6 12. Rc1 c6 13. Nc3 e6 14. a3 Nc7 15.
Bxc7 Qxc7 16. Qb3 Bf7 17. f4 Rd8 18. e3 a6 19. Qb6 Bd6 20. Ne4 Qxb6 21. Nexd6+
Rxd6 22. Nxb6 Ne7 23. Ke2 O-O 24. h3 Nc8 25. Nc4 Rd7 26. b4 Rc7 27. Na5 Nb6 28.
Rgd1 Rfc8 29. Nb3 e5 30. Nc5 exf4 31. gxf4 Nd5 32. Bf3 Re7 33. Bxd5 Bxd5 34.
Kf2 f5 35. Nd3 h6 36. Ne5 g5 37. Rg1 Rg7 38. Rg3 gxf4 39. Rxg7+ Kxg7 40. Rg1+
Kh7 41. exf4 Ra8 42. Rc1 Be4 43. a4 Rd8 44. Ke3 Rg8 45. Ng4 Rg6 46. Nf2 Rg3+
47. Ke2 Bg2 48. h4 Ra3 49. a5 Rb3 50. Nd3 Be4 51. Nc5 Rxb4 52. Nxe4 fxe4 53.
Ke3 Rb5 54. Rc5 Rxc5 55. dxc5 Kg6 56. Kxe4 Kg7 57. Kf5 Kf7 58. h5 Kg7 59. Ke6
Kg8 60. Ke7 Kh7 61. f5 Kg7 62. f6+ Kg8 63. Ke8 Kh7 64. f7 Kh8 65. f8=Q+ Kh7 66.
Qf5+ Kh8 67. Qf6+ Kh7 68. Kd7 Kg8 69. Qxh6 Kf7 70. Qg6+ Kf8 71. Qf6+ Kg8 72. h6
Kh7 73. Qg7# 1-0

[Event "Kieler Open 2015 Gruppe B"]
[Site "Kiel"]
[Date "2015.07.30"]
[Round "8.22"]
[White "Pick, Max"]
[Black "Petersen, Kay"]
[Result "1-0"]
[WhiteElo "840"]
[BlackElo "1758"]
[PlyCount "93"]
[EventDate "2015.??.??"]
[WhiteTeam "Kerpen"]
[BlackTeam "Heikendorfer SV"]

1. d4 d5 2. c4 e6 3. Nf3 c5 4. e3 Nf6 5. Nc3 Be7 6. Bd2 O-O 7. Be2 Nc6 8. O-O
dxc4 9. dxc5 Bxc5 10. Bxc4 a6 11. Bb3 b5 12. Bc2 Qc7 13. Ne4 Be7 14. Bb1 Ne5
15. Nxe5 Qxe5 16. Qc2 Qh5 17. Ng3 Qg6 18. Qc6 Bd7 19. Qxa8 Rxa8 20. Bxg6 hxg6
21. Rac1 Bd6 22. Rfd1 Bxg3 23. hxg3 a5 24. Bc3 Be8 25. Bxf6 gxf6 26. a3 a4 27.
f4 f5 28. Kf2 Kg7 29. Kf3 Rb8 30. g4 b4 31. Rd3 bxa3 32. bxa3 fxg4+ 33. Kxg4
Kf6 34. e4 Ke7 35. Rc7+ Kf8 36. Kg5 Kg7 37. g4 Rb5+ 38. f5 Ra5 39. Rd8 exf5 40.
exf5 Re5 41. Rcc8 Kf8 42. Kf6 Re3 43. Rxe8+ Rxe8 44. Rxe8+ Kxe8 45. fxg6 fxg6
46. Kxg6 Kf8 47. Kh7 1-0

[Event "Kieler Open 2015 Gruppe B"]
[Site "Kiel"]
[Date "2015.07.31"]
[Round "9.2"]
[White "Haye, Robert"]
[Black "Stolzenwald, Frank"]
[Result "0-1"]
[WhiteElo "1449"]
[BlackElo "1639"]
[PlyCount "58"]
[EventDate "2015.??.??"]
[WhiteTeam "Kieler SG"]
[BlackTeam "Hamburger SK"]

1. c4 e5 2. d3 Bc5 3. Nf3 Nc6 4. Nc3 Nge7 5. e3 a6 6. a3 d6 7. b4 Ba7 8. Bb2 f6
9. Be2 Be6 10. d4 Bf7 11. d5 Nb8 12. e4 b6 13. O-O Nd7 14. Kh1 Ng6 15. Ne1 Nf4
16. Nd3 Nxe2 17. Qxe2 g5 18. g3 h5 19. f4 h4 20. Kg2 hxg3 21. hxg3 gxf4 22.
gxf4 Ke7 23. Rh1 Qg8+ 24. Kf3 Bh5+ 25. Rxh5 Rxh5 26. Nf2 exf4 27. Ng4 Ne5+ 28.
Kxf4 Rh3 29. Rf1 Qg5# 0-1

[Event "Kieler Open 2015 Gruppe B"]
[Site "Kiel"]
[Date "2015.07.31"]
[Round "9.3"]
[White "Sowa, Kay"]
[Black "Kathage, Holger"]
[Result "1/2-1/2"]
[WhiteElo "1689"]
[BlackElo "1650"]
[PlyCount "22"]
[EventDate "2015.??.??"]
[WhiteTeam "Doppelbauer Kiel"]
[BlackTeam "Kiel"]

1. Nf3 d5 2. d4 Nf6 3. c4 e6 4. Nc3 Be7 5. Bf4 O-O 6. e3 Nbd7 7. c5 c6 8. h3 b6
9. b4 bxc5 10. bxc5 Qa5 11. Qb3 Ne4 {(=)} 1/2-1/2

[Event "Kieler Open 2015 Gruppe B"]
[Site "Kiel"]
[Date "2015.07.31"]
[Round "9.4"]
[White "Wichmann, Gerd"]
[Black "Untiedt, Urs Arved"]
[Result "0-1"]
[WhiteElo "1689"]
[BlackElo "1501"]
[PlyCount "36"]
[EventDate "2015.??.??"]
[WhiteTeam "VHS Rendsburg"]
[BlackTeam "Agon NMS"]

1. c4 e5 2. Nc3 Nf6 3. e3 c5 4. d4 exd4 5. exd4 cxd4 6. Qxd4 Nc6 7. Qd1 Bc5 8.
Be2 O-O 9. Nf3 d6 10. O-O Be6 11. Bg5 Ne5 12. Nxe5 dxe5 13. Qxd8 Rfxd8 14. b3
Bd4 15. Rac1 Bxc3 16. Rxc3 Ne4 17. Bxd8 Nxc3 18. Bf3 Rxd8 0-1

[Event "Kieler Open 2015 Gruppe B"]
[Site "Kiel"]
[Date "2015.07.31"]
[Round "9.5"]
[White "Bahr, Arne"]
[Black "Plichta, Reiner"]
[Result "0-1"]
[WhiteElo "1676"]
[BlackElo "1811"]
[PlyCount "82"]
[EventDate "2015.??.??"]
[WhiteTeam "SG Turm Kiel"]
[BlackTeam "Kiel"]

1. f4 d5 2. e3 c5 3. Nf3 Nf6 4. b3 g6 5. Bb2 Bg7 6. Bb5+ Bd7 7. a4 O-O 8. O-O
Nc6 9. Bxc6 Bxc6 10. Ne5 Qc7 11. Qf3 e6 12. Nxc6 Qxc6 13. d3 Rac8 14. Nd2 Rfd8
15. Be5 h5 16. Qg3 Qe8 17. Nf3 Qf8 18. Rae1 c4 19. Nh4 cxb3 20. cxb3 Nd7 21. d4
Nxe5 22. fxe5 Qb4 23. Rxf7 Kxf7 24. Qxg6+ Kg8 25. Qxe6+ Kh8 26. Rf1 Rf8 27.
Rxf8+ Rxf8 28. Ng6+ Kh7 29. Nxf8+ Qxf8 30. Qxd5 Qb4 31. Qe4+ Kh8 32. h3 Qe1+
33. Kh2 Bh6 34. h4 Bxe3 35. Qf3 Qxh4+ 36. Qh3 Qf4+ 37. g3 Qf2+ 38. Qg2 Bxd4 39.
Qxf2 Bxf2 40. Kh3 Kg7 41. Kh4 Kg6 0-1

[Event "Kieler Open 2015 Gruppe B"]
[Site "Kiel"]
[Date "2015.07.31"]
[Round "9.6"]
[White "Salwasser, Christian"]
[Black "Kaiser, Johannes"]
[Result "0-1"]
[WhiteElo "1772"]
[BlackElo "1631"]
[PlyCount "66"]
[EventDate "2015.??.??"]
[WhiteTeam "SC Rastatt"]
[BlackTeam "SG Kiel-Ost"]

1. e4 c5 2. Nf3 e6 3. d4 cxd4 4. Nxd4 a6 5. Be3 Nf6 6. f3 Qc7 7. Nc3 Bb4 8. Qd2
d5 9. a3 Bxc3 10. bxc3 dxe4 11. f4 O-O 12. Be2 Nbd7 13. g4 Nb6 14. c4 Nxc4 15.
Qc3 Nd5 16. Qxc4 Qxc4 17. Bxc4 Nxe3 18. Be2 Ng2+ 19. Kf2 Nxf4 20. Ke3 Nxe2 21.
Nxe2 Bd7 22. Nd4 f5 23. gxf5 exf5 24. Rab1 b5 25. Rhd1 Rac8 26. Rbc1 Rc3+ 27.
Ke2 f4 28. Nb3 Bg4+ 29. Ke1 Bxd1 30. Rxd1 Rxc2 31. Nd2 Rd8 32. Kf1 Rdxd2 33. h3
Rxd1# 0-1

[Event "Kieler Open 2015 Gruppe B"]
[Site "Kiel"]
[Date "2015.07.31"]
[Round "9.8"]
[White "Serbin, Alexander"]
[Black "Degenhardt, Andreas"]
[Result "0-1"]
[WhiteElo "1517"]
[BlackElo "1762"]
[PlyCount "80"]
[EventDate "2015.??.??"]
[WhiteTeam "Kieler SG"]
[BlackTeam "SC Lorsch"]

1. e4 c6 2. Nc3 d5 3. d4 dxe4 4. Nxe4 Nd7 5. Nf3 Ngf6 6. Nc3 e6 7. Bg5 Qb6 8.
Na4 Qa5+ 9. Nc3 Ne4 10. Bd2 Nxd2 11. Nxd2 Be7 12. Be2 O-O 13. O-O Rd8 14. Nce4
Nf6 15. Bd3 Nxe4 16. Nb3 Qb6 17. Bxe4 Bf6 18. c3 e5 19. Qc2 h6 20. dxe5 Bxe5
21. Rfe1 Bf6 22. Nd2 Be6 23. Bf5 Bxf5 24. Qxf5 Rxd2 25. h3 Rad8 26. Qf3 Qxb2
27. Rab1 Qxc3 28. Qg4 Qd4 29. Qf3 Qd5 30. Qf4 b6 31. a3 c5 32. a4 Qd4 33. Qf3
Qxa4 34. Re4 Qc2 35. Ree1 Qd3 36. Qg4 c4 37. Rbc1 c3 38. Re3 Rd1+ 39. Kh2 Qd6+
40. g3 Rxc1 0-1

[Event "Kieler Open 2015 Gruppe B"]
[Site "Kiel"]
[Date "2015.07.31"]
[Round "9.9"]
[White "Schmieder, Kerstin"]
[Black "Hartendauer, Frank"]
[Result "0-1"]
[WhiteElo "1700"]
[BlackElo "1413"]
[PlyCount "134"]
[EventDate "2015.??.??"]
[WhiteTeam "Rodewischer Schachmiezen"]
[BlackTeam "Kieler SG"]

1. d4 d5 2. Nc3 e6 3. Nf3 Nf6 4. Bf4 Bd6 5. Qd2 O-O 6. Bg3 Re8 7. e3 c6 8. Bd3
h6 9. Bxd6 Qxd6 10. Ne5 Nbd7 11. f4 a6 12. O-O c5 13. Nf3 b5 14. dxc5 Nxc5 15.
Rad1 Bb7 16. Kh1 Qc7 17. Qf2 Ng4 18. Qe2 Rad8 19. Rd2 Nf6 20. Rc1 Ncd7 21. Qf1
Nb6 22. Ne2 Nc4 23. Bxc4 dxc4 24. Rxd8 Rxd8 25. Ned4 Nd5 26. Qf2 Qe7 27. Ne5
Qd6 28. Qg3 Nxe3 29. Qxe3 Qxd4 30. Qxd4 Rxd4 31. Kg1 Rxf4 32. Rd1 Bd5 33. Nd7
Re4 34. Rd2 a5 35. Nb6 Re5 36. Nd7 Rf5 37. Re2 b4 38. Ne5 a4 39. Ng4 Rf4 40.
Ne3 Rd4 41. Kf2 c3 42. bxc3 bxc3 43. a3 f6 44. Ke1 Kf7 45. Nd1 Rc4 46. Kf2 Rc5
47. Re3 f5 48. Rxc3 Rxc3 49. Nxc3 Bc6 50. g3 g5 51. Ke3 e5 52. Nd1 f4+ 53. gxf4
exf4+ 54. Ke2 Kf6 55. Nf2 Kf5 56. c4 h5 57. Kf1 g4 58. Kg1 g3 59. Nd1 Kg4 60.
Nc3 h4 61. Ne2 f3 62. h3+ Kxh3 63. Nf4+ Kg4 64. Ng2 f2+ 65. Kf1 Bxg2+ 66. Kxg2
h3+ 67. Kf1 Kf3 0-1

[Event "Kieler Open 2015 Gruppe B"]
[Site "Kiel"]
[Date "2015.07.31"]
[Round "9.10"]
[White "Kreutz, Jonas"]
[Black "Paolella, Finnley"]
[Result "1-0"]
[WhiteElo "1659"]
[BlackElo "1286"]
[PlyCount "147"]
[EventDate "2015.??.??"]
[WhiteTeam "Königsjäger SW Berlin"]
[BlackTeam "Doppelbauer Kiel"]

1. e4 e5 2. Nf3 Nc6 3. d4 exd4 4. Bc4 Bc5 5. c3 Qe7 6. O-O dxc3 7. Nxc3 d6 8.
Bb5 Nf6 9. Nd5 Qd8 10. Bg5 Bg4 11. h3 Bh5 12. g4 Bg6 13. e5 dxe5 14. Nxe5 Qxd5
15. Qxd5 Nxd5 16. Nxc6 O-O 17. Ne5 f6 18. Bxf6 Rxf6 19. Nd7 Bxf2+ 20. Rxf2 Rxf2
21. Kxf2 c6 22. Bc4 Rd8 23. Nc5 b6 24. Ne6 Re8 25. Nd4 Rc8 26. Nxc6 Bf7 27.
Bxd5 Kf8 28. Bxf7 Kxf7 29. Nd4 Rd8 30. Rf1 Kg6 31. Ke3 Re8+ 32. Kd3 Rd8 33. Kc4
Rc8+ 34. Kb3 a6 35. Re1 Rd8 36. Kc3 Kf7 37. Rf1+ Ke8 38. Nf5 g6 39. Nd4 Rc8+
40. Kd3 Ke7 41. Nb3 Rd8+ 42. Kc2 h6 43. Re1+ Kf6 44. Rd1 Rc8+ 45. Kb1 Ke7 46.
Rd4 Ke6 47. Rb4 b5 48. a4 bxa4 49. Rxa4 Ke5 50. Rxa6 Rg8 51. Nc1 Kf4 52. Ra3 h5
53. gxh5 gxh5 54. b4 Rb8 55. Rb3 Ke4 56. b5 Kd5 57. b6 Kc6 58. b7 Rxb7 59. Rxb7
Kxb7 60. Kc2 Kc6 61. Kd3 Kd5 62. Ke3 Ke5 63. Kf3 Kf5 64. h4 Ke5 65. Ne2 Kf5 66.
Ng3+ Kg6 67. Kf4 Kh6 68. Kf5 Kh7 69. Kg5 Kg7 70. Kxh5 Kh7 71. Nf5 Kh8 72. Kg6
Kg8 73. Nh6+ Kh8 74. Nf7+ 1-0

[Event "Kieler Open 2015 Gruppe B"]
[Site "Kiel"]
[Date "2015.07.31"]
[Round "9.11"]
[White "Draasch, Heiko"]
[Black "Feldmann, Wolfgang"]
[Result "1-0"]
[WhiteElo "1618"]
[BlackElo "1715"]
[PlyCount "100"]
[EventDate "2015.??.??"]
[WhiteTeam "SG Turm Kiel"]
[BlackTeam "Heikendorfer SV"]

1. f4 d5 2. b3 Nc6 3. e3 Nf6 4. Nf3 Bg4 5. Bb5 e6 6. O-O Bc5 7. Qe1 Bxf3 8.
Bxc6+ bxc6 9. Rxf3 d4 10. Bb2 h5 11. Na3 h4 12. h3 Ne4 13. d3 Ng3 14. e4 g5 15.
fxg5 Qxg5 16. Bc1 Qg6 17. Nc4 f6 18. Qf2 Ke7 19. Bf4 Rhg8 20. Bxg3 hxg3 21. Qe2
Raf8 22. Raf1 e5 23. Qe1 Qh6 24. Qa5 Bb6 25. Qb4+ c5 26. Qd2 Qxd2 27. Nxd2 Ba5
28. Nc4 Bc3 {(=)} 29. Rf5 Bb4 30. R1f3 Bc3 31. Kf1 Bb4 32. Rh5 Rh8 33. Rxh8
Rxh8 34. Rxg3 Kf7 35. Rf3 Kg6 36. Rf5 Rh4 37. Nb2 Bc3 38. Nd1 Bb4 39. Ke2 Rh8
40. Nf2 Rf8 41. Ng4 Rf7 42. h4 Rh7 43. g3 Ba3 44. Rxf6+ Kh5 45. Nxe5 Rg7 46.
Kf3 Bc1 47. Rf5+ Kh6 48. Ng4+ Kh7 49. Rxc5 Rf7+ 50. Rf5 Rd7 1-0

[Event "Kieler Open 2015 Gruppe B"]
[Site "Kiel"]
[Date "2015.07.31"]
[Round "9.12"]
[White "Howe, Dietrich"]
[Black "Westphal-Stubbe, Siegbert"]
[Result "1-0"]
[WhiteElo "1667"]
[BlackElo "1822"]
[PlyCount "83"]
[EventDate "2015.??.??"]
[WhiteTeam "Kaltenkirchen"]
[BlackTeam "SG Plöner See"]

1. Nf3 c5 2. c4 e6 3. g3 Nc6 4. Bg2 a6 5. O-O Qc7 6. d3 Nf6 7. Nc3 d6 8. a3 b6
9. Rb1 Bb7 10. b4 Na7 11. bxc5 dxc5 12. Na4 b5 13. cxb5 axb5 14. Nc3 Bc6 15.
Bf4 Bd6 16. Bd2 O-O 17. e4 Ng4 18. Re1 Ne5 19. Nxe5 Bxe5 20. f4 Bd4+ 21. Kh1
Rab8 22. Qc2 g6 23. Ne2 Bg7 24. Qxc5 f5 25. Nc3 Rfd8 26. Qf2 Rxd3 27. Na2 Rxa3
28. Nb4 Ba8 29. Rec1 Qd7 30. Be3 fxe4 31. Rd1 Qf7 32. Rd6 Bd5 33. Bc5 Ra8 34.
Nxd5 e3 35. Nxe3 Ra1 36. Rxa1 Bxa1 37. Bxa8 Qc7 38. Qc2 b4 39. Bxb4 Qxc2 40.
Nxc2 Bg7 41. Rxe6 Nb5 42. Bd5 1-0

[Event "Kieler Open 2015 Gruppe B"]
[Site "Kiel"]
[Date "2015.07.31"]
[Round "9.13"]
[White "Lehmkau, Steffen"]
[Black "Lange, Edgar"]
[Result "1/2-1/2"]
[WhiteElo "1715"]
[BlackElo "1599"]
[PlyCount "37"]
[EventDate "2015.??.??"]
[WhiteTeam "Mülheim-Nord"]
[BlackTeam "Kieler SG"]

1. d4 Nf6 2. c4 e6 3. Nf3 b6 4. g3 Bb7 5. Bg2 d5 6. cxd5 exd5 7. O-O Be7 8. Nc3
O-O 9. Bf4 c6 10. Rc1 Re8 11. Re1 Nbd7 12. Qb3 Nf8 13. h3 Ne6 14. Be3 Rc8 15.
Red1 Bd6 16. Ng5 h6 17. Nxe6 Rxe6 18. Bf4 Bxf4 19. gxf4 1/2-1/2

[Event "Kieler Open 2015 Gruppe B"]
[Site "Kiel"]
[Date "2015.07.31"]
[Round "9.14"]
[White "Pöschmann, Jaro"]
[Black "Weck, Uwe"]
[Result "1/2-1/2"]
[WhiteElo "1666"]
[BlackElo "1697"]
[PlyCount "50"]
[EventDate "2015.??.??"]
[WhiteTeam "Bad Schwartau"]
[BlackTeam "Kaltenkirchen"]

1. d4 d5 2. c4 Nf6 3. cxd5 Nxd5 4. e4 Nf6 5. Nc3 e6 6. Bg5 Be7 7. Nf3 c6 8. Bd3
Qc7 9. O-O h6 10. Bh4 Nbd7 11. Rc1 g5 12. Bg3 Qd8 13. e5 Nh5 14. Nd2 Nxg3 15.
fxg3 Qb6 16. Nb3 a6 17. Qh5 Kd8 18. Rxf7 Nxe5 19. Na4 Qa7 20. Nac5 Nxf7 21.
Qxf7 Rf8 22. Nxe6+ Bxe6 23. Qxe6 Rf6 24. Qg8+ Rf8 25. Qe6 Rf6 1/2-1/2

[Event "Kieler Open 2015 Gruppe B"]
[Site "Kiel"]
[Date "2015.07.31"]
[Round "9.15"]
[White "Hogreve, Holger"]
[Black "Kreutz, Ralf"]
[Result "1-0"]
[WhiteElo "1514"]
[BlackElo "1686"]
[PlyCount "109"]
[EventDate "2015.??.??"]
[WhiteTeam "Eckernförder SC"]
[BlackTeam "Königsjäger SW Berlin"]

1. Nf3 d5 2. d4 e6 3. Bf4 Nf6 4. e3 Be7 5. c4 O-O 6. Nbd2 Nbd7 7. Qc2 Nh5 8.
Bg3 f5 9. cxd5 exd5 10. Bxc7 Qe8 11. Bb5 a6 12. Ba4 b5 13. Bb3 Ndf6 14. O-O Be6
15. Rac1 Rc8 16. Qb1 Ne4 17. Rc2 Bb4 18. Rfc1 Nxd2 19. Nxd2 Qd7 20. Nf3 Bd6 21.
Bxd6 Rxc2 22. Bxf8 Rxc1+ 23. Qxc1 Kxf8 24. Qc5+ Kg8 25. Ne5 Qb7 26. Nc6 Nf6 27.
Nd8 Qd7 28. Nxe6 Qxe6 29. g3 h6 30. a3 Kh7 31. h3 h5 32. Kh2 Qe4 33. Qc2 Qf3
34. Ba2 Kh6 35. Bb1 g6 36. Kg1 Ne4 37. Ba2 h4 38. Bxd5 hxg3 39. Bxe4 gxf2+ 40.
Qxf2 Qxe4 41. Qf4+ Qxf4 42. exf4 Kg7 43. Kf2 Kf6 44. d5 Ke7 45. Ke3 Kd6 46. Kd4
a5 47. b3 a4 48. bxa4 bxa4 49. h4 Ke7 50. Ke5 Kd7 51. d6 Kd8 52. Ke6 Ke8 53.
Kf6 Kd7 54. Kxg6 Kxd6 55. h5 1-0

[Event "Kieler Open 2015 Gruppe B"]
[Site "Kiel"]
[Date "2015.07.31"]
[Round "9.16"]
[White "Steffen, Jörn"]
[Black "Kaltschmidt, Andreas"]
[Result "1/2-1/2"]
[WhiteElo "1682"]
[BlackElo "1535"]
[PlyCount "52"]
[EventDate "2015.??.??"]
[WhiteTeam "Flintbek"]
[BlackTeam "Weiden"]

1. d4 Nf6 2. c4 e6 3. Nc3 Bb4 4. Nf3 O-O 5. e3 d5 6. a3 Bxc3+ 7. bxc3 b6 8.
cxd5 exd5 9. Bd3 Bg4 10. h3 Bh5 11. O-O Nbd7 12. Be2 c5 13. Bb2 Re8 14. c4 Rc8
15. Rc1 Nf8 16. Re1 Ne6 17. cxd5 Nxd5 18. Qa4 Qe7 19. Ne5 Bxe2 20. Rxe2 f6 21.
Nd3 Kf7 22. Rec2 Rc7 23. dxc5 bxc5 24. Qa5 Rec8 25. a4 Nb4 26. Nxb4 cxb4
1/2-1/2

[Event "Kieler Open 2015 Gruppe B"]
[Site "Kiel"]
[Date "2015.07.31"]
[Round "9.17"]
[White "Dao, Joerg"]
[Black "Bunke, Mike"]
[Result "1/2-1/2"]
[WhiteElo "1465"]
[BlackElo "1453"]
[PlyCount "72"]
[EventDate "2015.??.??"]
[WhiteTeam "vereinslos"]
[BlackTeam "Schleswiger SV"]

1. h4 e5 2. e4 c5 3. Bc4 g6 4. d3 Bg7 5. Be3 d6 6. Nc3 Nc6 7. a3 Nf6 8. Nd5
Nxd5 9. Bxd5 Ne7 10. Ba2 Qc7 11. c4 Bd7 12. b3 Rf8 13. a4 f5 14. Bb1 fxe4 15.
dxe4 Nc6 16. Ne2 Nb4 17. f3 a5 18. Nc3 Qd8 19. Qxd6 b6 20. Bg5 Bf6 21. Bxf6
Rxf6 22. Qd2 Qe7 23. Nd5 Nxd5 24. exd5 O-O-O 25. Be4 Bf5 26. O-O-O Bxe4 27.
fxe4 Rf4 28. Qe1 h5 29. Rd3 Kc7 30. Rf3 Rdf8 31. Rxf4 Rxf4 32. g3 Rf3 33. Kb2
Qf8 34. Rh2 Kd6 35. Rg2 Qf6 36. Qe2 Qf8 1/2-1/2

[Event "Kieler Open 2015 Gruppe B"]
[Site "Kiel"]
[Date "2015.07.31"]
[Round "9.18"]
[White "Behrendt, Matthias"]
[Black "Farokhi, Keyvan"]
[Result "1-0"]
[WhiteElo "1501"]
[BlackElo "1283"]
[PlyCount "63"]
[EventDate "2015.??.??"]
[WhiteTeam "Agon NMS"]
[BlackTeam "Doppelbauer Kiel"]

1. g3 Nf6 2. Bg2 e5 3. d3 d5 4. Bg5 Be6 5. Nd2 Bc5 6. Ngf3 Nc6 7. c3 O-O 8. b4
Bb6 9. b5 Na5 10. Nxe5 h6 11. Bxf6 Qxf6 12. d4 Rfe8 13. O-O Rad8 14. Qc2 Qe7
15. f4 f6 16. Ng6 Qd7 17. f5 Bf7 18. Qd3 Nc4 19. Nxc4 dxc4 20. Qc2 Qxb5 21.
Rab1 Qa6 22. a4 c6 23. Kh1 Bd5 24. e4 Bf7 25. Rbe1 Bc7 26. e5 Bxg6 27. fxg6
fxe5 28. Qf5 Kh8 29. dxe5 Qxa4 30. e6 Qa3 31. e7 Rc8 32. Qxc8 1-0

[Event "Kieler Open 2015 Gruppe B"]
[Site "Kiel"]
[Date "2015.07.31"]
[Round "9.19"]
[White "Borchert, Johann"]
[Black "Kaminski, Thorsten"]
[Result "1-0"]
[WhiteElo "1630"]
[BlackElo "1300"]
[PlyCount "83"]
[EventDate "2015.??.??"]
[WhiteTeam "Heikendorfer SV"]
[BlackTeam "Schellhorn"]

1. e4 e6 2. Nf3 d5 3. exd5 exd5 4. d4 Nf6 5. Bg5 Be7 6. Bd3 h6 7. Bh4 O-O 8.
O-O Bg4 9. Nbd2 Nbd7 10. c3 Re8 11. Qc2 Bd6 12. h3 Be6 13. Rfe1 g5 14. Bg3 Bxg3
15. fxg3 c6 16. Re2 Qc7 17. g4 Re7 18. Rae1 Rae8 19. Nf1 Nf8 20. Qd2 Ng6 21. g3
Kg7 22. Kg2 Nxg4 23. hxg4 Bxg4 24. Rxe7 Rxe7 25. Rxe7 Qxe7 26. Bxg6 fxg6 27.
Ne5 Bf5 28. Qf2 Qe6 29. Ne3 Be4+ 30. Kf1 Qh3+ 31. Ke2 Qe6 32. b4 a6 33. a4 Qe7
34. a5 Qe6 35. Nf1 g4 36. Qf4 Bf5 37. Ne3 h5 38. Qg5 Qf6 39. Qxf6+ Kxf6 40. Kf2
Kg5 41. Nf7+ Kf6 42. Nd6 1-0

[Event "Kieler Open 2015 Gruppe B"]
[Site "Kiel"]
[Date "2015.07.31"]
[Round "9.20"]
[White "Dambrowski, Ralf"]
[Black "Brockmann, Werner"]
[Result "1-0"]
[WhiteElo "1335"]
[BlackElo "1360"]
[PlyCount "93"]
[EventDate "2015.??.??"]
[WhiteTeam "Agon NMS"]
[BlackTeam "Kieler SG"]

1. e4 e5 2. Bc4 Nf6 3. Nc3 Nc6 4. Nf3 Bc5 5. O-O d6 6. h3 Qe7 7. d3 h6 8. Bd2
Be6 9. Nd5 Bxd5 10. exd5 Na5 11. Bb5+ c6 12. dxc6 Nxc6 13. Re1 O-O-O 14. Bxc6
bxc6 15. d4 Bb6 16. dxe5 dxe5 17. Nxe5 Qc7 18. Qe2 Kb7 19. Rad1 Rhe8 20. Bf4
Nd5 21. Qf3 Nxf4 22. Rxd8 Rxd8 23. Qxf4 Re8 24. Kf1 f6 25. Nd3 Rxe1+ 26. Kxe1
Qe7+ 27. Kd2 Bc7 28. Qb4+ Qxb4+ 29. Nxb4 Ba5 30. c3 Bxb4 31. cxb4 Kc7 32. Kc3
f5 33. f4 Kd6 34. Kd4 g5 35. fxg5 hxg5 36. g3 Ke6 37. a4 f4 38. gxf4 gxf4 39.
Ke4 f3 40. Kxf3 Kf5 41. Ke3 Kg5 42. Kd4 Kh4 43. Kc5 Kxh3 44. Kxc6 Kg4 45. b5
Kf5 46. a5 Ke6 47. b6 1-0

[Event "Kieler Open 2015 Gruppe B"]
[Site "Kiel"]
[Date "2015.07.31"]
[Round "9.21"]
[White "Pick, Max"]
[Black "Müller, Richard"]
[Result "0-1"]
[WhiteElo "840"]
[BlackElo "1317"]
[PlyCount "70"]
[EventDate "2015.??.??"]
[WhiteTeam "Kerpen"]
[BlackTeam "Nickelhütte Aue"]

1. c4 e5 2. Nc3 Nc6 3. Nf3 Bc5 4. e3 Nf6 5. d4 exd4 6. exd4 Bb6 7. Be3 Qe7 8.
Be2 O-O 9. O-O d6 10. Bg5 h6 11. Bf4 Bg4 12. h3 Bxf3 13. Bxf3 Nxd4 14. Bxb7
Rab8 15. Bf3 Qe6 16. b3 Qf5 17. g3 Qxh3 18. Bg2 Qf5 19. Be3 Nc2 20. Bxb6 Nxa1
21. Bxc7 Rbc8 22. Bxd6 Rfd8 23. Qxa1 Rxd6 24. Nd5 Nxd5 25. cxd5 Rc2 26. Qe1 Qc8
27. Qe7 Qd7 28. Qe4 Rxa2 29. Qb4 Rb6 30. Qc4 Rb2 31. Rc1 Rb8 32. Qc6 Qf5 33.
Qc5 Rb1 34. d6 Qxc5 35. Rxb1 Qxd6 0-1